000
00284nam a2200133Ia 4500
100
_a
Tarasevich/ Y & Yavoish
942
_c
BK
654
_a
Tolerances
245
_a
Fits
260
_b
Peoples Publishing House
_a
NewDelhi
_c
1972
082
_a
620
300
_a
160
546
_a
ENGLISH
999
_c
23992
_d
23992